| 000 | 00528cam a2200205ua 4500 | ||
|---|---|---|---|
| 001 | 9210 | ||
| 005 | 20260515114436.0 | ||
| 008 | 150224n ii |||gr||||Z||||||asm | ||
| 040 | _cMAIN | ||
| 041 | _aasm | ||
| 082 | _a891.4511 | ||
| 100 |
_aHazarika, K. D., _eEditor. |
||
| 245 | 1 |
_aNirbachita bharatiya kabita _cEdited by Karabi Deka Hazarika |
|
| 250 | _a1st. | ||
| 260 |
_aDibrugarh: _bKaustabh, _c2005. |
||
| 300 | _a162p. | ||
| 653 | _aEast Indo-European & Celtic literatures | ||
| 653 | _aAssamese poems | ||
| 942 | _cBK | ||
| 999 |
_c8272 _d8272 |
||